Die 10 größten Seen der Schweiz - Statistiken

Allgemein
  • Dieses Quiz wurde 205 mal gespielt
  • Das Durchschnittsergebnis liegt bei 8 aus 10
Antwortstatistiken
# Fläche km² See % Korrekt
1 580 * Genfersee / Lac Léman
98%
2 536 * Bodensee
95%
5 113,7 Vierwaldstättersee
86%
6 88,1 Zürichsee
85%
3 215,2 Neuenburgersee / Lac de Neuchâtel
73%
8 47,7 Thunersee
73%
4 212,5 * Langensee / Lago Maggiore
72%
7 48,6 * Luganersee / Lago di Lugano
66%
9 39,5 Bielersee / Lac de Bienne
64%
10 38,4 Zugersee
53%
Keine übereinstimmenden Quizze gefunden
Verteilung der Resultate
Anzahl Personen mit jedem Resultat
Perzentil nach korrekt beantworteten Fragen
Ihre Resultats-Entwicklung
Sie haben dieses Quiz noch nicht gespielt